000
00229nam a2200085Ia 4500
008
170617s9999 xx 000 0 und d
100
_a
Thresyamma-C.P
245
0
_a
Fundamentals of Nursing Procedure Manual
260
_b
"LOTUS PUBLISHERS
260
_c
JALANDHAR"
999
_c
12745
_d
12745